| 000 | 00557nam a2200217 a 4500 | ||
|---|---|---|---|
| 999 |
_c3869 _d3869 |
||
| 001 | 3869 | ||
| 003 | BD-JhCC | ||
| 005 | 20180402195001.0 | ||
| 008 | 171119s1959 enka|||| ||a| 000 0 eng d | ||
| 035 | _a(BD-JhCC)3869 | ||
| 040 |
_aBD-JhCC _dBD-JhCC |
||
| 041 | _aben | ||
| 082 |
_a808.8033 _bJER 1959 |
||
| 100 | _aJerrome, Edward G. | ||
| 245 |
_aTales of Christmas / _cEdward G. Jerrome |
||
| 260 |
_aLondon : _bBlackie & son Limited, _c1959. |
||
| 300 |
_a26 p. : _c18 cm. _billu; |
||
| 650 | _aChristmas Stories | ||
| 942 |
_2ddc _cBK |
||